Samuel Beckett as world literature (Record no. 1228692)

MARC details
000 -LEADER
fixed length control field 00710nam a2200217Ia 4500
005 - DATE AND TIME OF LATEST TRANSACTION
control field 20241129111039.0
008 - FIXED-LENGTH DATA ELEMENTS--GENERAL INFORMATION
fixed length control field 241129s9999||||xx |||||||||||||| ||und||
020 ## - INTERNATIONAL STANDARD BOOK NUMBER
International Standard Book Number 978-1-107-52109-4
037 ## - SOURCE OF ACQUISITION
Stock number TB
040 ## - CATALOGING SOURCE
Original cataloging agency CRL
Language of cataloging eng
Transcribing agency CRL
041 ## - LANGUAGE CODE
Language code of text/sound track or separate title eng
Source of code eng
084 ## - COLON CLASSIFICATION NUMBER
Classification number O111,6N06:g R2
Assigning agency CRL
100 ## - MAIN ENTRY--PERSONAL NAME
Personal name Chakraborty Thirthankar Ed.; Vazquez Juan Luis Toribio Ed.
9 (RLIN) 723256
245 #0 - TITLE STATEMENT
Title Samuel Beckett as world literature
Statement of responsibility, etc. Chakraborty Thirthankar Ed.; Vazquez Juan Luis Toribio Ed.
260 ## - PUBLICATION, DISTRIBUTION, ETC.
Place of publication, distribution, etc. New Delhi, USA
Name of publisher, distributor, etc. Bloomsbury Academic
Date of publication, distribution, etc. 2022
300 ## - PHYSICAL DESCRIPTION
Extent xvii,219p.
365 ## - TRADE PRICE
Price type code UKP
Price amount 28.99
650 ## - SUBJECT ADDED ENTRY--TOPICAL TERM
Topical term or geographic name entry element English Prose
9 (RLIN) 723257
942 ## - ADDED ENTRY ELEMENTS (KOHA)
Koha item type Textbook
Classification part O111,6N06:g R2
Holdings
Withdrawn status Lost status Damaged status Not for loan Home library Current library Date acquired Source of acquisition Cost, normal purchase price Inventory number Total Checkouts Full call number Barcode Date last seen Price effective from Koha item type
        Central Library Central Library 2024-11-29 Segment Book Distributors 28.99 65580 & 20/02/2023   O111,6N06:g R2 CL1679491 2024-11-29 2024-11-29 Textbook
Copyright @ Delhi University Library System